Central Library OPAC University of Rajshahi

Management and control in public enterprise / (Record no. 15320)

MARC details
000 -LEADER
fixed length control field 00814nam a2200253 a 4500
001 - CONTROL NUMBER
control field 15320
003 - CONTROL NUMBER IDENTIFIER
rucl marc code BD-RjUL
005 - DATE AND TIME OF LATEST TRANSACTION
control field 20240919144844.0
008 - FIXED-LENGTH DATA ELEMENTS--GENERAL INFORMATION
fixed length control field 140209r19711964ii 000 0 eng
035 ## - SYSTEM CONTROL NUMBER
System control number (BD-RjUL)15374
040 ## - CATALOGING SOURCE
Original cataloging agency DLC
Transcribing agency BD-RjUL
Modifying agency BD-RjUL
-- DLC
Language of cataloging eng
041 ## - LANGUAGE CODE
Language code of text/sound track or separate title eng
082 ## - DEWEY DECIMAL CLASSIFICATION NUMBER
Classification number 338.954
Author mark and year KHM 1971
100 1# - MAIN ENTRY--PERSONAL NAME
Personal name Khera, Sucha Singh,
Dates associated with a name 1903-
9 (RLIN) 46819
245 10 - TITLE STATEMENT
Title Management and control in public enterprise /
Statement of responsibility, etc. [by] S.S. Khera.
260 ## - PUBLICATION, DISTRIBUTION, ETC. (IMPRINT)
Place of publication, distribution, etc. New York :
Name of publisher, distributor, etc. Asia Pub. House,
Date of publication, distribution, etc. c1964, [reprinted 1971]
300 ## - PHYSICAL DESCRIPTION
Pagination xiv, 270 p.;
Size 23 cm.
500 ## - GENERAL NOTE
General note "Abbreviated version of ... [the author's] Government in business."
650 #0 - SUBJECT ADDED ENTRY--TOPICAL TERM
Topical term or geographic name as entry element Industrial policy
Geographic subdivision India.
9 (RLIN) 16700
Topical term or geographic name as entry element Industrial management
Geographic subdivision India.
9 (RLIN) 45944
942 ## - ADDED ENTRY ELEMENTS (KOHA)
Source of classification or shelving scheme Dewey Decimal Classification
Koha item type Books
Holdings
Lost status Source of classification or shelving scheme Damaged status Not for loan Collection code Permanent Location Current Location Shelving location Date acquired Source of acquisition Cost, normal purchase price Total Checkouts Full call number Date last seen Copy number Koha item type
  Dewey Decimal Classification     Non-fiction Central Library, University of Rajshahi Central Library, University of Rajshahi     N. A. 0.00   338.954 KHM 1971 09/02/2014 C-2 Books
  Dewey Decimal Classification   Not For Loan Non-fiction Central Library, University of Rajshahi Central Library, University of Rajshahi Reading Room 13/05/1978 asia pub, 14.00   338.954 KHM 1971 30/04/2019 C-1 Books
  Dewey Decimal Classification     Non-fiction Central Library, University of Rajshahi Central Library, University of Rajshahi General Stacks 20/12/1983       338.954 KHM 1971 19/09/2024 C-3 Books